[Event "Michigan Open"]
[Site "East Lansing"]
[Date "1991.08.30"]
[Round "1"]
[White "Johnson, Kirk"]
[Black "Golonka, Stan"]
[Result "0-1"]
[WhiteElo "1789"]
[BlackElo "2046"]
[PlyCount "120"]
[EventDate "1991.08.30"]

1. g4 c5 2. Bg2 Nc6 3. d3 g6 4. Bf4 Bg7 5. c3 d6 6. e3 Nf6 7. Bf3 Qb6 8. b3 Be6
9. Nd2 Nd5 10. Bxd5 Bxd5 11. e4 Be6 12. Rc1 Qa5 13. Qc2 Bxg4 14. Nc4 Qd8 15.
Ne3 Bd7 16. Nf3 O-O 17. Bg3 Rc8 18. Qd2 b5 19. h4 b4 20. c4 Bc3 21. Rxc3 bxc3
22. Qxc3 Qa5 23. Qxa5 Nxa5 24. Nd5 Nc6 25. e5 Bg4 26. Nd2 dxe5 27. f3 Be6 28.
Ne3 f5 29. f4 exf4 30. Bxf4 Bf7 31. Bh6 Rfd8 32. Rg1 e6 33. Bg5 Rxd3 34. Ke2
Ne5 35. Rf1 Rd7 36. Bf6 Nc6 37. Nc2 e5 38. Nf3 Re8 39. h5 Re6 40. Bh4 Nd4+ 41.
Ncxd4 cxd4 42. Bg5 e4 43. Nd2 a5 44. h6 Rc6 45. Rb1 Rb7 46. Ra1 Be6 47. Bf4 Kf7
48. Bg5 Bc8 49. Bd8 a4 50. Bg5 Ra6 51. Rb1 axb3 52. axb3 Ra2 53. Ke1 Ke6 54. b4
Ke5 55. c5 f4 56. Nc4+ Kf5 57. Bd8 Kg4 58. Nd6 Rh2 59. Nxb7 Rh1+ 60. Ke2 Rxb1
0-1

[Event "Michigan Open"]
[Site "East Lansing"]
[Date "1991.08.30"]
[Round "1"]
[White "Jarosz, Stan"]
[Black "Householder, James"]
[Result "1/2-1/2"]
[WhiteElo "2031"]
[BlackElo "1416"]
[PlyCount "107"]
[EventDate "1991.08.30"]

1. d4 Nf6 2. Nf3 g6 3. c4 c5 4. Nc3 Bg7 5. e4 O-O 6. Be2 cxd4 7. Nxd4 Nc6 8.
Be3 a6 9. O-O Rb8 10. Qd2 Nxd4 11. Bxd4 d6 12. Rac1 Be6 13. b3 Qa5 14. Rfd1
Rbc8 15. Bxf6 exf6 16. Qxd6 Bh6 17. Rc2 Rfd8 18. Qg3 Rxd1+ 19. Bxd1 Rd8 20. Be2
f5 21. e5 Rd2 22. Rxd2 Bxd2 23. Nd1 Bh6 24. Qc3 Qxa2 25. Bf3 b6 26. h3 Qd2 27.
Qxd2 Bxd2 28. Bb7 a5 29. g3 f4 30. g4 g5 31. Kf1 Kf8 32. Ke2 Bb4 33. Kd3 Ke7
34. f3 Bd7 35. Nf2 f6 36. exf6+ Kxf6 37. Ne4+ Kg6 38. Kd4 h6 39. Kd5 a4 40.
bxa4 Bxa4 41. Bc6 Bd1 42. Be8+ Kg7 43. Ke6 Bxf3 44. Kf5 Be2 45. h4 Bxc4 46.
hxg5 hxg5 47. Nxg5 Bd6 48. Ne6+ Bxe6+ 49. Kxe6 Bb8 50. g5 f3 51. Kf5 f2 52. Bb5
Bd6 53. Bc4 Bc5 54. Bb5 1/2-1/2

[Event "Michigan Open"]
[Site "East Lansing"]
[Date "1991.08.30"]
[Round "1"]
[White "Garrison, Ray"]
[Black "Owens, James"]
[Result "0-1"]
[WhiteElo "1844"]
[BlackElo "2117"]
[PlyCount "70"]
[EventDate "1991.08.30"]

1. f4 c5 2. Nf3 d6 3. g3 Nf6 4. Bg2 g6 5. O-O Bg7 6. d3 O-O 7. c3 Nc6 8. Na3
Rb8 9. e4 Bd7 10. Nh4 b5 11. f5 b4 12. Nc4 bxc3 13. fxg6 fxg6 14. bxc3 Ng4 15.
Bd2 Nce5 16. Nxe5 Nxe5 17. Qc2 Qa5 18. Rxf8+ Rxf8 19. d4 Ba4 20. Qc1 Nc4 21.
Bg5 cxd4 22. Bh3 Kh8 23. Bxe7 Re8 24. Bg5 dxc3 25. Rb1 Qc5+ 26. Kh1 c2 27. Rb7
Bc6 28. Rxg7 Bxe4+ 29. Bg2 Bxg2+ 30. Kxg2 Kxg7 31. Qa1+ Qe5 32. Qc1 Qb2 33.
Bh6+ Kg8 34. Qf4 c1=Q+ 35. Kh3 Qxf4 0-1

[Event "Michigan Open"]
[Site "East Lansing"]
[Date "1991.08.30"]
[Round "1"]
[White "Fuller, William"]
[Black "Robbins, Fred"]
[Result "0-1"]
[WhiteElo "2118"]
[BlackElo "1873"]
[PlyCount "88"]
[EventDate "1991.08.30"]

1. Nf3 Nf6 2. d3 d6 3. e4 e5 4. g3 g6 5. Nc3 c6 6. Bg2 Bg7 7. O-O O-O 8. b4 Na6
9. Rb1 Nc7 10. b5 Ne6 11. Ba3 c5 12. Nd5 b6 13. Bc1 Nxd5 14. exd5 Nc7 15. Nd2
Bb7 16. c4 Bc8 17. f4 exf4 18. Rxf4 f5 19. Bb2 Bxb2 20. Rxb2 Qf6 21. Rb1 Bd7
22. d4 g5 23. Rf2 Qxd4 24. Qh5 Qg7 25. Re2 Rae8 26. Rbe1 Rxe2 27. Rxe2 Re8 28.
h4 Rxe2 29. Qxe2 g4 30. Nb3 Ne8 31. Qe3 Qf6 32. Nc1 Ng7 33. Ne2 Nh5 34. Qa3 Qe5
35. Bf1 f4 36. Qxa7 Qe3+ 37. Kh1 Qf3+ 38. Kg1 fxg3 39. Nxg3 Qxg3+ 40. Kh1 Qf3+
41. Kg1 Qg3+ 42. Kh1 Qf2 43. Qxd7 Qxf1+ 44. Kh2 g3# 0-1

[Event "Michigan Open"]
[Site "East Lansing"]
[Date "1991.08.30"]
[Round "1"]
[White "Frawley, Ed"]
[Black "Calton, Bill"]
[Result "0-1"]
[WhiteElo "1828"]
[BlackElo "2073"]
[PlyCount "94"]
[EventDate "1991.08.30"]

1. Nf3 f5 2. g3 Nf6 3. Bg2 g6 4. Nc3 Bg7 5. d3 d6 6. Bg5 e5 7. Qd2 Be6 8. Nxe5
dxe5 9. Bxb7 Nbd7 10. Bxa8 Qxa8 11. O-O h6 12. Bxf6 Nxf6 13. Nb5 Qb7 14. Qa5
Kd7 15. b3 c6 16. Nc3 Qb6 17. Qxb6 axb6 18. a4 Ra8 19. Na2 Kc7 20. c4 Nd7 21.
Rac1 Nc5 22. Rb1 e4 23. Nc1 Rf8 24. Kg2 f4 25. Rd1 f3+ 26. exf3 exf3+ 27. Kg1
Bf5 28. Re1 Rd8 29. Re3 Bh8 30. Rxf3 Nxd3 31. Nxd3 Rxd3 32. Rxd3 Bxd3 33. Re1
Bc2 34. Re3 Bd4 35. Rf3 Kd6 36. Kf1 Kc5 37. Ke2 Kb4 38. Kd2 Bxb3 39. Kd3 c5 40.
Rf8 Bxc4+ 41. Kd2 Kxa4 42. f4 Be6 43. Ra8+ Kb3 44. Re8 Bf5 45. Rb8 c4 46. Rd8
c3+ 47. Ke2 c2 0-1

[Event "Michigan Open"]
[Site "East Lansing"]
[Date "1991.08.30"]
[Round "1"]
[White "Fischvogt, Eric"]
[Black "Gawarecka, Edyta"]
[Result "0-1"]
[WhiteElo "2287"]
[BlackElo "2015"]
[PlyCount "50"]
[EventDate "1991.08.30"]

1. d4 Nf6 2. Nf3 e6 3. Bg5 Be7 4. Nbd2 d5 5. e3 O-O 6. Bd3 c5 7. c3 b6 8. Qe2
Bb7 9. Bxf6 Bxf6 10. h4 g6 11. h5 Nd7 12. O-O-O Qe7 13. Rh3 cxd4 14. exd4 e5
15. dxe5 Nxe5 16. Nxe5 Qxe5 17. hxg6 fxg6 18. Re3 Qc7 19. Qg4 d4 20. Rg3 dxc3
21. Bc4+ Kg7 22. bxc3 Be5 23. Rd3 Rad8 24. Nf3 Rxd3 25. Rxd3 Bf4+ 0-1

[Event "Michigan Open"]
[Site "East Lansing"]
[Date "1991.08.30"]
[Round "1"]
[White "Calton, David W"]
[Black "Hermelyn, Edmund"]
[Result "0-1"]
[WhiteElo "1924"]
[BlackElo "2182"]
[PlyCount "48"]
[EventDate "1991.08.30"]

1. e4 Nc6 2. Nc3 e5 3. g3 Nf6 4. Bg2 Bc5 5. d3 h6 6. f4 exf4 7. Bxf4 d6 8. Nf3
O-O 9. Na4 Bg4 10. Nxc5 dxc5 11. Qd2 Qe7 12. O-O Rad8 13. Bxh6 gxh6 14. Qxh6
Nh7 15. Qf4 Bxf3 16. Rxf3 Ne5 17. Rf2 Ng6 18. Qf3 Ng5 19. Qe3 Ne6 20. h4 Ng7
21. Qh6 Rd6 22. Bh3 Qe5 23. Kg2 Nh5 24. Bf5 Nxh4+ 0-1

[Event "Michigan Open"]
[Site "East Lansing"]
[Date "1991.08.30"]
[Round "1"]
[White "Brooks, John"]
[Black "Schoonmaker, John"]
[Result "1-0"]
[WhiteElo "2228"]
[BlackElo "1967"]
[PlyCount "94"]
[EventDate "1991.08.30"]

1. d4 d5 2. c4 e6 3. e3 Nf6 4. Nf3 Be7 5. Nc3 O-O 6. Bd3 Nbd7 7. O-O a6 8. b3
c5 9. Bb2 cxd4 10. exd4 b6 11. Ne5 Bb7 12. Qe2 Nxe5 13. dxe5 dxc4 14. bxc4 Nd7
15. Ne4 Nc5 16. Rfd1 Nxe4 17. Bxe4 Qc7 18. Bxb7 Qxb7 19. Bd4 Qc6 20. Qe3 Rfd8
21. Bxb6 Rxd1+ 22. Rxd1 Qxc4 23. Qd2 h6 24. Rc1 Qb4 25. Qxb4 Bxb4 26. Rc4 Be7
27. a4 Kf8 28. a5 Ke8 29. f4 Bd8 30. Rc6 Be7 31. Kf2 g6 32. g4 h5 33. gxh5 gxh5
34. Kf3 Bd8 35. Ke4 Be7 36. f5 exf5+ 37. Kxf5 Kd7 38. Rc7+ Ke8 39. e6 fxe6+ 40.
Kxe6 Bf8 41. Rh7 Rc8 42. Bc7 Ra8 43. Kd5 Rc8 44. Kc6 Bb4 45. Rh8+ Bf8 46. Kb7
Kd7 47. Rh7+ Be7 1-0

[Event "Michigan Open"]
[Site "East Lansing"]
[Date "1991.08.30"]
[Round "1"]
[White "Bailey, Greg"]
[Black "Kung, Fred"]
[Result "1-0"]
[WhiteElo "2106"]
[BlackElo "1842"]
[PlyCount "113"]
[EventDate "1991.08.30"]

1. Nf3 d5 2. d4 e6 3. c4 c5 4. cxd5 exd5 5. Nc3 Nc6 6. g3 Nf6 7. Bg2 Be7 8. Bg5
cxd4 9. Nxd4 O-O 10. O-O h6 11. Nxc6 bxc6 12. Be3 Re8 13. Na4 Bg4 14. Rc1 Qd7
15. f3 Be6 16. Nc5 Qc7 17. Qa4 Rec8 18. Rc3 Bxc5 19. Bxc5 Bd7 20. Rd1 Re8 21.
e3 a5 22. Qc2 Qe5 23. Rd4 Bf5 24. Qd2 Nd7 25. Ba3 Nb6 26. Bf1 Bd7 27. Kf2 Qh5
28. Rh4 Qe5 29. Bc5 Rab8 30. Ra3 a4 31. Bd4 Qe6 32. Bxb6 Rxb6 33. Rhxa4 Reb8
34. Ra8 Qe5 35. b3 Be6 36. Qd4 Qc7 37. R3a7 R6b7 38. Ra5 Qc8 39. R8a6 Qc7 40.
Qc5 Bd7 41. Qe7 Re8 42. Ra8 Rbb8 43. Rxb8 Rxb8 44. Qc5 Qe5 45. Qd4 Qf5 46. Bd3
Qh3 47. Kg1 Re8 48. Bf1 Qe6 49. Kf2 Qg6 50. Bd3 Qe6 51. Bf1 Re7 52. Rc5 Be8 53.
a4 Rb7 54. b4 Qc8 55. Ba6 Qh3 56. Bxb7 Qxh2+ 57. Kf1 1-0

[Event "Michigan Open"]
[Site "East Lansing"]
[Date "1991.08.30"]
[Round "1"]
[White "Arganian, David H"]
[Black "Gawarecki, Leszek"]
[Result "0-1"]
[WhiteElo "1892"]
[BlackElo "2144"]
[PlyCount "54"]
[EventDate "1991.08.30"]

1. Nf3 d5 2. g3 Nf6 3. Bg2 g6 4. O-O Bg7 5. d3 O-O 6. Nbd2 c5 7. e4 Nc6 8. c3
b6 9. Re1 dxe4 10. dxe4 Bb7 11. Nh4 Qc7 12. f4 e5 13. Nc4 b5 14. Nxe5 Nxe5 15.
fxe5 Qxe5 16. Bf4 Qe6 17. Qe2 a6 18. a4 Bc6 19. Rad1 Rfd8 20. Rxd8+ Rxd8 21.
Bc7 Rd7 22. Bb6 Bf8 23. a5 Bb7 24. Bf3 Qe5 25. Ng2 Bh6 26. Nf4 Bxf4 27. Bxc5
Qxc5+ 0-1

[Event "Michigan Open"]
[Site "East Lansing"]
[Date "1991.08.31"]
[Round "2"]
[White "Zacks, Naum"]
[Black "Burke, Tim"]
[Result "1-0"]
[WhiteElo "1891"]
[BlackElo "1733"]
[PlyCount "47"]
[EventDate "1991.08.30"]

1. e4 c5 2. Nf3 d6 3. c3 Nf6 4. Bc4 Bg4 5. e5 d5 6. Bb5+ Nfd7 7. Qa4 Bf5 8. O-O
e6 9. Nh4 Bg6 10. Nxg6 hxg6 11. g3 Qg5 12. f4 Qh5 13. Rf2 c4 14. d4 cxd3 15.
Be3 Be7 16. Nd2 O-O 17. Bxd7 Na6 18. b4 g5 19. f5 Qg4 20. Raf1 Nc7 21. Bb5 Rac8
22. Bxd3 b5 23. Bxb5 Nxb5 24. Qxb5 1-0

[Event "Michigan Open"]
[Site "East Lansing"]
[Date "1991.08.31"]
[Round "2"]
[White "Yaure, Chris"]
[Black "Mazuchowski, Tom"]
[Result "1-0"]
[WhiteElo "1971"]
[BlackElo "2159"]
[PlyCount "87"]
[EventDate "1991.08.30"]

1. Nf3 Nf6 2. g3 g6 3. Bg2 Bg7 4. O-O O-O 5. d3 d6 6. e4 c5 7. c3 Nc6 8. Nh4
Rb8 9. f4 e5 10. f5 Ne8 11. Be3 Bf6 12. Nf3 gxf5 13. exf5 Be7 14. Nfd2 Kh8 15.
Bh6 Rg8 16. Qb3 Bg5 17. Bxg5 Qxg5 18. Bxc6 bxc6 19. Qxb8 Qe3+ 20. Rf2 Bxf5 21.
Nf1 Qxd3 22. Nbd2 Be6 23. Qxa7 Qg6 24. Ne3 f5 25. Rg2 Qh6 26. Ndf1 Qf8 27. Qa4
f4 28. gxf4 exf4 29. Qd1 Bh3 30. Qf3 Bxg2 31. Nxg2 Rg6 32. Kh1 Rf6 33. Qxc6 f3
34. Ne1 Ng7 35. a4 Ne6 36. Qe4 Ng5 37. Qg4 Qg7 38. h4 Rh6 39. Nxf3 Nxf3 40.
Qxf3 Rxh4+ 41. Nh2 h6 42. Rg1 Qe7 43. Qa8+ Kh7 44. Qg8# 1-0

[Event "Michigan Open"]
[Site "East Lansing"]
[Date "1991.08.31"]
[Round "3"]
[White "Yaure, Chris"]
[Black "Gawarecki, Leszek"]
[Result "1/2-1/2"]
[WhiteElo "1971"]
[BlackElo "2144"]
[PlyCount "102"]
[EventDate "1991.08.30"]

1. Nf3 Nf6 2. g3 g6 3. Bg2 Bg7 4. O-O O-O 5. d3 d5 6. c3 Nbd7 7. Nbd2 e5 8. e4
dxe4 9. Nxe4 Nxe4 10. dxe4 Nc5 11. Qc2 Qd3 12. Qxd3 Nxd3 13. Rd1 Nxc1 14. Raxc1
Bh6 15. Rc2 f6 16. Bf1 Be6 17. b4 Rfd8 18. Rxd8+ Rxd8 19. Be2 Bf8 20. Nd2 Kg7
21. a3 f5 22. Nf3 Kf6 23. exf5 gxf5 24. Rd2 Rxd2 25. Nxd2 Bh6 26. Nc4 b5 27.
Ne3 c6 28. Kf1 Bb3 29. Bh5 Ke6 30. Ke2 f4 31. Bg4+ Kf6 32. gxf4 Bxf4 33. Bd7
Bd5 34. h4 Ke7 35. Nxd5+ cxd5 36. Bxb5 Bc1 37. a4 Bb2 38. Kd3 d4 39. cxd4 Bxd4
40. f4 Bb2 41. f5 e4+ 42. Kc2 Bf6 43. Bc6 e3 44. Kd3 Bxh4 45. Kxe3 Be1 46. b5
Kf6 47. Kf4 Bb4 48. Bd7 h5 49. Be8 h4 50. Bc6 h3 51. Be4 h2 1/2-1/2

[Event "Michigan Open"]
[Site "East Lansing"]
[Date "1991.08.31"]
[Round "3"]
[White "Williams, Ron"]
[Black "Leighton, George"]
[Result "1-0"]
[WhiteElo "1806"]
[BlackElo "1878"]
[PlyCount "97"]
[EventDate "1991.08.30"]

1. e4 e6 2. Bb5 a6 3. Ba4 b5 4. Bb3 Bb7 5. Qe2 Nf6 6. d3 Be7 7. Be3 O-O 8. Nd2
Nc6 9. c3 d5 10. e5 Nxe5 11. d4 Nc4 12. Rc1 Bd6 13. Bg5 h6 14. h4 Re8 15. Bxc4
dxc4 16. Bxf6 Qxf6 17. Ngf3 e5 18. d5 Bxd5 19. O-O e4 20. Nh2 Qxh4 21. g3 Bxg3
22. fxg3 Qxg3+ 23. Qg2 Qd3 24. Ng4 Re6 25. Nf6+ Rxf6 26. Rxf6 e3 27. Rf3 Re8
28. Re1 Re6 29. Nf1 Rg6 30. Ng3 Bxf3 31. Qxf3 e2 32. Kg2 f5 33. Kf2 Qd6 34.
Nxe2 Qh2+ 35. Ke3 Re6+ 36. Kd2 Qe5 37. Qf2 c5 38. Ng3 Qd5+ 39. Kc1 Rf6 40. Nh5
Rf7 41. Nf4 Qc6 42. Re6 Qh1+ 43. Kc2 Rd7 44. Re1 Qc6 45. Qe3 Rd6 46. Qe7 g5 47.
Nh5 Qd7 48. Nf6+ Rxf6 49. Qxd7 1-0

[Event "Michigan Open"]
[Site "East Lansing"]
[Date "1991.08.31"]
[Round "3"]
[White "White, Mitchell"]
[Black "Avery, Robert W"]
[Result "1-0"]
[WhiteElo "2069"]
[BlackElo "2225"]
[PlyCount "145"]
[EventDate "1991.08.30"]

1. d4 Nf6 2. Nf3 g6 3. c4 Bg7 4. Nc3 d5 5. cxd5 Nxd5 6. e4 Nxc3 7. bxc3 c5 8.
Be2 O-O 9. O-O Bg4 10. Be3 Qc7 11. Qd2 Rd8 12. Rfd1 Nc6 13. Rac1 b6 14. Qb2
Bxf3 15. Bxf3 c4 16. Be2 Na5 17. f4 e6 18. Rf1 f5 19. e5 Rac8 20. Bf3 Nc6 21.
g4 Ne7 22. Qg2 Qd7 23. h4 Kh8 24. Kh1 Rg8 25. Qh2 fxg4 26. Bxg4 h5 27. Bf3 Nf5
28. Rce1 Bf8 29. Bc1 Be7 30. Rd1 Bxh4 31. Rg1 Rg7 32. d5 Bd8 33. dxe6 Qxe6 34.
Ba3 b5 35. Bd5 Qb6 36. Bf8 Rh7 37. e6 Be7 38. Bxe7 Nxe7 39. f5 Qc7 40. Qxc7
Rxc7 41. f6 Nf5 42. Rxg6 Rc8 43. Re1 Ne7 44. Rg5 b4 45. fxe7 bxc3 46. Rc1 Rxe7
47. Rxh5+ Kg7 48. Rxc3 Kg6 49. Rhh3 Kf5 50. Bxc4 Ke5 51. Bb3 Rg8 52. Rhg3 Rh7+
53. Kg2 Rgh8 54. Rce3+ Kd6 55. Rd3+ Kc7 56. Kf3 Rf8+ 57. Ke3 Re8 58. Rf3 Kb6
59. Rd4 a6 60. Kd3 Ree7 61. Rf7 Rh3+ 62. Ke4 Re8 63. Ke5 Rh5+ 64. Kd6 Rd8+ 65.
Rd7 Rc8 66. Rb4+ Ka5 67. Rc4 Re8 68. Rc5+ Rxc5 69. Kxc5 Rb8 70. e7 Rxb3 71.
e8=Q Rd3 72. Qe1+ Ka4 73. Qb4# 1-0

[Event "Michigan Open"]
[Site "East Lansing"]
[Date "1991.08.31"]
[Round "1"]
[White "Welch, Joseph"]
[Black "Mitchell, Richard"]
[Result "0-1"]
[WhiteElo "1554"]
[BlackElo "1950"]
[PlyCount "63"]
[EventDate "1991.08.30"]

1. e4 c5 2. Nc3 e6 3. g3 d5 4. exd5 exd5 5. Bg2 Nf6 6. Nge2 d4 7. Ne4 Nxe4 8.
Bxe4 Bd6 9. O-O Nd7 10. d3 Nf6 11. Bg2 O-O 12. b3 Re8 13. Bb2 Bg4 14. f3 Be6
15. Qd2 Nd5 16. Rf2 Qd7 17. c3 dxc3 18. Nxc3 Nb4 19. Ne4 Bf8 20. Bf1 Rad8 21.
Qg5 Nd5 22. Nxc5 Qc6 23. Rc1 Qb6 24. Nxe6 Rxe6 25. Bh3 Rg6 26. Qd2 Bb4 27. Qd1
Nf4 28. Bf5 Rg5 29. Be4 Nh3+ 30. Kg2 Nxf2 31. Qe2 Nxe4 32. dxe4 0-1

[Event "Michigan Open"]
[Site "East Lansing"]
[Date "1991.08.31"]
[Round "3"]
[White "Welch, Joseph"]
[Black "Manion, Tom"]
[Result "0-1"]
[WhiteElo "1554"]
[BlackElo "1847"]
[PlyCount "112"]
[EventDate "1991.08.30"]

1. e4 e5 2. f4 exf4 3. Bc4 Qh4+ 4. Kf1 Qe7 5. Nf3 g5 6. d4 d6 7. h4 Bh6 8. hxg5
Bxg5 9. Nc3 Be6 10. Bd3 Bg4 11. Nd5 Qd7 12. Nxf4 Bxf4 13. Bxf4 Nc6 14. d5 Ne5
15. Be2 Nf6 16. Nxe5 dxe5 17. Bxe5 Bxe2+ 18. Qxe2 Qe7 19. Bc3 Nxe4 20. Qb5+ c6
21. dxc6 Ng3+ 22. Kf2 Ne4+ 23. Kf3 Ng5+ 24. Kf2 Ne4+ 25. Kf3 O-O 26. Qh5 Ng5+
27. Kf2 Qc5+ 28. Ke2 Rad8 29. Rh3 Rfe8+ 30. Kf1 Qf5+ 31. Rf3 Qb5+ 32. Kg1 Nxf3+
33. Qxf3 Qc5+ 34. Kh1 Rd5 35. g4 Qxc6 36. Kg2 Rd6 37. Qxc6 Rxc6 38. Rc1 Re2+
39. Kf3 Rce6 40. Rd1 a6 41. Rd8+ Re8 42. Rxe8+ Rxe8 43. b3 Re6 44. a3 Rc6 45.
Bb4 Rxc2 46. Kg3 f6 47. Be7 Kf7 48. Bb4 Rb2 49. Kf4 Ke6 50. g5 fxg5+ 51. Kxg5
Rxb3 52. Kh4 Kf5 53. Bc5 h5 54. Bb4 Rb1 55. Kh3 Rg1 56. Bf8 Kf4 0-1

[Event "Michigan Open"]
[Site "East Lansing"]
[Date "1991.08.31"]
[Round "2"]
[White "Ward, Tom"]
[Black "Basin, Leonid"]
[Result "1/2-1/2"]
[WhiteElo "2105"]
[BlackElo "2440"]
[PlyCount "69"]
[EventDate "1991.08.30"]

1. e4 c5 2. Nf3 e6 3. d4 cxd4 4. Nxd4 a6 5. Nc3 Qc7 6. Bd3 Nc6 7. Be3 Nf6 8.
O-O Ne5 9. h3 b5 10. f4 Nc4 11. Bxc4 Qxc4 12. e5 Nd5 13. Nxd5 Qxd5 14. Qe2 Bb7
15. Rad1 Rc8 16. Nb3 Qc4 17. Qd2 Bd5 18. c3 Be7 19. f5 Qe4 20. Bd4 Qh4 21. Be3
h6 22. Nd4 Bg5 23. fxe6 Bxe3+ 24. Qxe3 dxe6 25. Nf5 exf5 26. Rxd5 O-O 27. Rxf5
Rce8 28. Rf4 Qg5 29. Re4 Qg6 30. Rd6 Re6 31. Rxe6 Qxe6 32. a3 Re8 33. Qg3 Qd5
34. Re1 Re6 35. Qf3 1/2-1/2

[Event "Michigan Open"]
[Site "East Lansing"]
[Date "1991.08.31"]
[Round "1"]
[White "Vandivier, Don"]
[Black "Smith, Ed"]
[Result "0-1"]
[WhiteElo "2062"]
[BlackElo "1818"]
[PlyCount "118"]
[EventDate "1991.08.30"]

1. e4 e5 2. Bc4 Nc6 3. Nf3 Be7 4. c3 d6 5. d4 Nf6 6. d5 Nb8 7. Qc2 O-O 8. O-O
c6 9. dxc6 bxc6 10. Be2 Qc7 11. c4 Na6 12. Nc3 Nb4 13. Qb1 a5 14. a3 Na6 15.
Qc2 Nc5 16. Be3 Ne6 17. h3 d5 18. exd5 cxd5 19. Nb5 Qb8 20. cxd5 Nxd5 21. Qe4
Nxe3 22. fxe3 f6 23. Bc4 Kh8 24. Bd3 g6 25. Qh4 Kg7 26. Rac1 Qb6 27. Rc3 Qxe3+
28. Kh1 Qf4 29. Qe1 Qh6 30. Nc7 Ra7 31. Nxe6+ Bxe6 32. Nxe5 Bd5 33. Be4 Bxe4
34. Qxe4 fxe5 35. Rxf8 Bxf8 36. Qxe5+ Kg8 37. Qd5+ Rf7 38. Rc7 Qf4 39. Rd7 Kg7
40. b4 axb4 41. axb4 Rxd7 42. Qxd7+ Kh6 43. b5 Bd6 44. Kg1 Qc1+ 45. Kf2 Bc5+
46. Ke2 Qe3+ 47. Kd1 Qg1+ 48. Kc2 Qxg2+ 49. Kb3 Qg3+ 50. Kc4 Qe3 51. Qg4 Be7
52. Kd5 Qg5+ 53. Ke6 Qxg4+ 54. hxg4 Bh4 55. b6 Kg5 56. Kf7 h5 57. gxh5 gxh5 58.
b7 Bg3 59. Ke6 Kg4 0-1

[Event "Michigan Open"]
[Site "East Lansing"]
[Date "1991.08.31"]
[Round "3"]
[White "Vandivier, Don"]
[Black "Sanborn, Richard"]
[Result "1-0"]
[WhiteElo "2062"]
[BlackElo "1877"]
[PlyCount "103"]
[EventDate "1991.08.30"]

1. e4 c5 2. Nf3 d6 3. d4 cxd4 4. Nxd4 Nf6 5. Nc3 a6 6. Bg5 e6 7. f4 Be7 8. Qf3
Nc6 9. O-O-O Qc7 10. Kb1 O-O 11. g4 b5 12. e5 dxe5 13. Qxc6 Bd6 14. Qxc7 Bxc7
15. fxe5 Nxg4 16. Bg2 b4 17. Bxa8 bxc3 18. Be7 Nxe5 19. Bxf8 Kxf8 20. bxc3 Nc4
21. Nc6 a5 22. Na7 Ba6 23. a4 Be5 24. Rd8+ Ke7 25. Nc6+ Kf6 26. Nxe5 Nxe5 27.
Be4 g6 28. Ra8 Be2 29. Rxa5 Ng4 30. Bd3 Nf2 31. Bxe2 Nxh1 32. Rb5 Nf2 33. Bf3
g5 34. Rb4 e5 35. a5 Kf5 36. a6 e4 37. Bxe4+ Nxe4 38. Rxe4 Kxe4 39. a7 g4 40.
a8=Q+ Kf4 41. Kc1 h5 42. Kd2 h4 43. Ke2 h3 44. Kf2 f5 45. Qb8+ Kg5 46. Qe5 Kh5
47. Kg3 Kg6 48. Kf4 g3 49. Kxg3 Kg5 50. Qg7+ Kh5 51. Kf4 Kh4 52. Qh6# 1-0

[Event "Michigan Open"]
[Site "East Lansing"]
[Date "1991.08.31"]
[Round "2"]
[White "Tsemekhman, Vadim"]
[Black "Chehayeb, Sal"]
[Result "1-0"]
[WhiteElo "2450"]
[BlackElo "2096"]
[PlyCount "39"]
[EventDate "1991.08.30"]

1. d4 Nf6 2. c4 g6 3. Nc3 Bg7 4. e4 d6 5. f4 O-O 6. Nf3 c5 7. d5 Nbd7 8. Bd3 a6
9. a4 Rb8 10. O-O Ng4 11. h3 Nh6 12. f5 Ne5 13. Nxe5 dxe5 14. Be3 b6 15. Qd2 g5
16. Bxg5 Qd6 17. f6 exf6 18. Bxh6 f5 19. Bxg7 Kxg7 20. exf5 1-0

[Event "Michigan Open"]
[Site "East Lansing"]
[Date "1991.08.31"]
[Round "2"]
[White "Triplett, Thomas"]
[Black "Jarosz, Stan"]
[Result "0-1"]
[WhiteElo "1800"]
[BlackElo "2031"]
[PlyCount "92"]
[EventDate "1991.08.30"]

1. e4 e6 2. d4 d5 3. Nd2 c5 4. exd5 exd5 5. Ngf3 Nc6 6. Be2 cxd4 7. O-O Bd6 8.
Nb3 Nge7 9. Nbxd4 O-O 10. c3 a6 11. Re1 Ng6 12. Bf1 Bg4 13. h3 Nxd4 14. cxd4
Bf5 15. Bd3 Qd7 16. Ne5 Nxe5 17. dxe5 Bxd3 18. Qxd3 Bc5 19. Be3 Bxe3 20. Rxe3
Rac8 21. Rae1 Rc6 22. Re4 Qe6 23. Rd4 Rd8 24. Rd1 Qxe5 25. Rxd5 Rxd5 26. Qxd5
Qxd5 27. Rxd5 Kf8 28. Rd7 b5 29. g3 Rc2 30. Ra7 Rxb2 31. Rxa6 h5 32. h4 g6 33.
Rb6 b4 34. Rb7 Ke8 35. Kg2 Kd8 36. Rxf7 Rxa2 37. Rb7 Rb2 38. Kf3 b3 39. Ke3 Kc8
40. Rf7 Rc2 41. Kd3 Rc1 42. Rf8+ Kb7 43. Rf7+ Kc6 44. Rf6+ Kc5 45. Rf8 b2 46.
Kd2 Kd6 0-1

[Event "Michigan Open"]
[Site "East Lansing"]
[Date "1991.08.31"]
[Round "2"]
[White "Tobias, Philip"]
[Black "Bailey, Greg"]
[Result "0-1"]
[WhiteElo "1432"]
[BlackElo "2106"]
[PlyCount "58"]
[EventDate "1991.08.30"]

1. e4 e6 2. d4 d5 3. e5 c5 4. c3 Nc6 5. Nf3 Bd7 6. Bd3 Qc7 7. O-O f6 8. Re1
Nge7 9. exf6 gxf6 10. dxc5 e5 11. Bc2 O-O-O 12. Na3 a6 13. b4 Bg4 14. b5 Na5
15. Be3 e4 16. Qd4 Nf5 17. Qxf6 Nxe3 18. Ng5 Bg7 19. Qf7 Rd7 20. Qxd7+ Qxd7 21.
Rxe3 Bh6 22. h4 axb5 23. f3 exf3 24. gxf3 Bf5 25. Bxf5 Qxf5 26. Nxb5 Nc4 27.
Re7 Bxg5 28. Rc7+ Kb8 29. c6 Be3+ 0-1

[Event "Michigan Open"]
[Site "East Lansing"]
[Date "1991.08.31"]
[Round "3"]
[White "Thurman, John"]
[Black "Thomas, Henry"]
[Result "1-0"]
[WhiteElo "1844"]
[BlackElo "1775"]
[PlyCount "63"]
[EventDate "1991.08.30"]

1. d4 f5 2. c4 Nf6 3. Nc3 e6 4. Nf3 Be7 5. g3 O-O 6. Bg2 a5 7. O-O c6 8. Re1 d5
9. Ne5 Nbd7 10. cxd5 cxd5 11. Nd3 Ne4 12. Bd2 Qb6 13. Rc1 Qxd4 14. Nxe4 fxe4
15. Bc3 Qb6 16. Nf4 Nf6 17. Bd4 Qd8 18. Bh3 Kf7 19. Rxc8 Rxc8 20. Bxe6+ Ke8 21.
Bxc8 Qxc8 22. Qa4+ Qc6 23. Qxa5 Bd6 24. Bxf6 Bxf4 25. Bxg7 Rg8 26. Bd4 h5 27.
e3 Bc7 28. Qc3 Qd6 29. Bf6 Rg6 30. Bh4 Rg8 31. Rc1 Kd7 32. Qf6 1-0

[Event "Michigan Open"]
[Site "East Lansing"]
[Date "1991.08.31"]
[Round "2"]
[White "Thompson, Dexter"]
[Black "Repkin, Victor"]
[Result "1-0"]
[WhiteElo "2259"]
[BlackElo "2041"]
[PlyCount "55"]
[EventDate "1991.08.30"]

1. e4 e6 2. d4 d5 3. e5 c5 4. c3 b6 5. Nf3 Be7 6. Bd3 Ba6 7. Bxa6 Nxa6 8. Qa4+
Qd7 9. Qxa6 c4 10. a4 Kf8 11. Qb5 Qc7 12. a5 Rb8 13. axb6 Rxb6 14. Qa4 a6 15.
O-O h5 16. Qc2 Qb7 17. Ra2 Nh6 18. Bxh6 Rxh6 19. Nbd2 h4 20. Rfa1 h3 21. g3 g6
22. Nf1 Kg7 23. Ne3 Rh8 24. Ng4 Rb8 25. Qd2 Rxb2 26. Qh6+ Kg8 27. Nf6+ Bxf6 28.
exf6 1-0

[Event "Michigan Open"]
[Site "East Lansing"]
[Date "1991.08.31"]
[Round "1"]
[White "Spooner, Frank"]
[Black "Kulbacki, James"]
[Result "1-0"]
[WhiteElo "1804"]
[BlackElo "2044"]
[PlyCount "43"]
[EventDate "1991.08.30"]

1. Nf3 d5 2. e3 Bg4 3. Be2 Nf6 4. b3 e6 5. Bb2 Be7 6. O-O Nbd7 7. d3 O-O 8.
Nbd2 c6 9. Ne5 Bxe2 10. Qxe2 Nxe5 11. Bxe5 Nd7 12. Bb2 f6 13. f4 Qc7 14. Nf3
Bd6 15. Nd4 Rae8 16. Qg4 f5 17. Nxf5 Nf6 18. Nh6+ Kh8 19. Qg5 Bc5 20. Rae1 d4
21. Qxc5 gxh6 22. Bxd4 1-0

[Event "Michigan Open"]
[Site "East Lansing"]
[Date "1991.08.31"]
[Round "2"]
[White "Sobocinski, Mike"]
[Black "Grossman, Jay"]
[Result "1-0"]
[WhiteElo "1914"]
[BlackElo "1820"]
[PlyCount "113"]
[EventDate "1991.08.30"]

1. d4 Nf6 2. Nf3 e6 3. e3 c5 4. c3 cxd4 5. exd4 d5 6. Bd3 Bd6 7. O-O O-O 8. Re1
Nc6 9. Bg5 Be7 10. Bxf6 Bxf6 11. Nbd2 Qc7 12. Qe2 Re8 13. Ne5 Bxe5 14. dxe5 Ne7
15. Kh1 Ng6 16. Qh5 Nf8 17. f4 Qe7 18. Nf3 Bd7 19. Ng5 h6 20. Nf3 f5 21. exf6
Qxf6 22. Ne5 Red8 23. Nxd7 Nxd7 24. Qe2 Nc5 25. Bc2 Qxf4 26. b4 Ne4 27. Bxe4
dxe4 28. Qxe4 Qxe4 29. Rxe4 Rd6 30. Rae1 Rad8 31. h3 Kf7 32. c4 R8d7 33. c5 Rd4
34. a3 Rd3 35. R1e3 Rxe3 36. Rxe3 Rd4 37. Rc3 Ke7 38. Kh2 Kd7 39. Kg3 Kc6 40.
Kf3 Kd5 41. b5 e5 42. c6 bxc6 43. bxc6 Rf4+ 44. Kg3 Rf8 45. c7 Rc8 46. Kf3 Kd4
47. Rc1 e4+ 48. Ke2 Ke5 49. Ke3 Kd6 50. Kxe4 Rxc7 51. Rxc7 Kxc7 52. Kf5 Kb6 53.
Kg6 Ka5 54. Kxg7 Ka4 55. Kxh6 Kxa3 56. g4 a5 57. g5 1-0